000 00858nam0a22002651 4500
001 rc\3559018
005 20130115140038.1
021 _aRU
_b[77-54743]
035 _a(NLR Aleph) 007796386
090 _a7668871
_c7668871
100 _a20130115d1976 |||y0rusy50 ca
101 0 _arus
102 _aRU
105 _aa z |||||
200 1 _aВсенародное дело
_fИ. Котяцы
_gМолд. о-во охраны природы
210 _aКишинев
_cКартя молдовеняскэ
_d1976
215 _a44 с.
_cил.
_d16
320 _aСписок лит.: с. 43
606 _aОхрана окружающей среды
_yМССР
_2psbo
700 1 _aКотяцы
_bИ. А.
_gИван Александрович
801 0 _aRU
_bNLR
_gpsbo
801 1 _aRU
_bELAR
_2rusmarc
852 _aNLR
_j77-2/2940
942 _cBOOK
980 _aNB